000 00332 a2200109 4500
001 ART_11127
005 20260410161732.0
008 260409a
245 1 0 _aAportes para un crecimento sostenido
100 1 _aRodríguez, Roberto Mario
773 0 _tEjecutivos de finanzas
_g- Año 5, Nº 41 (oct. 1987)
_wREV2863
999 _c17991
_d17991